Normal view
MARC view
Entry Personal Name
001 - CONTROL NUMBER
- control field: 6770
003 - CONTROL NUMBER IDENTIFIER
- control field: OSt
005 - DATE AND TIME OF LATEST TRANSACTION
- control field: 20160211124522.0
008 - FIXED-LENGTH DATA ELEMENTS
- fixed length control field: 160211|| aca||aabn | a|a d
040 ## - CATALOGING SOURCE
- Original cataloging agency: OSt
- Transcribing agency: OSt
100 ## - HEADING--PERSONAL NAME
- Personal name: Garcia,Hector;Ullman,Jeffrey;Widom,Jennifer;
670 ## - SOURCE DATA FOUND
- Source citation: Work cat.: (OSt): Garcia,Hector;Ullman,Jeffrey;Widom,Jennifer;, Database System implementation., 2000.
